| 000 | 00631nam a22001697a 4500 | ||
|---|---|---|---|
| 020 | _qHard Cover. | ||
| 082 | _a200 | ||
| 100 | _aNoor ul Amin | ||
| 245 |
_aBarriers to immunization future disaster for Pakistan: _bA cross-sectional study at district Dir Lower, KPK _cNoor ul Amin |
||
| 260 |
_aIslamabad : _bMCE - NUST, _c2017. |
||
| 300 |
_av, 54 p. : ill. ; _c30cm. |
||
| 650 |
_aMS-Construction Engineering and Management _9126573 |
||
| 700 |
_aSupervisor. Naeem Shahzad _9126574 |
||
| 856 | _uhttp://10.250.8.41:8080/xmlui/handle/123456789/11781 | ||
| 942 |
_2ddc _cSC |
||
| 999 |
_c540613 _d540613 |
||